Statistiken für Alle Pokémon - Attacken vom Typ "Feuer"

Klicken Sie hier um das Quiz zu spielen!

Allgemein

  • Dieses Quiz wurde 13 mal gespielt
    (10 seit der letzten Aktualisierung)
  • Das Durchschnittsergebnis liegt bei 16 aus 50

Antwortstatistiken

Attacke% Korrekt
Flammenwurf
100%
Glut
100%
Flammenrad
88%
Feuersturm
75%
Eruption
63%
Feuerfeger
63%
Feuerschlag
63%
Lohekanonade
63%
Feuerwirbel
50%
Feuerzahn
50%
Flammenblitz
50%
Hitzekoller
50%
Hitzewelle
50%
Irrlicht
50%
Nitroladung
50%
Sonnentag
50%
Brandstempel
38%
Feuerball
38%
Funkenflug
38%
Ausbrennen
25%
Blauflammen
25%
Dyna -Brand
25%
Einäschern
25%
Feuersäulen
25%
Flammensturm
25%
Inferno
25%
Kreuzflamme
25%
Läuterfeuer
25%
Lavasturm
25%
Loderlied
25%
Magieflamme
25%
Dynamische Maxiflamme
13%
Feuerpeitsche
13%
Feuerreigen
13%
Flammenball
13%
Flammenschild
13%
Flammenwut
13%
Frustflamme
13%
Giga -Brandball
13%
Giga -Feuerflug
13%
Neidflammen
13%
Panzerfalle
13%
V -Generator
13%
Flackerbrand
0%
Giga -Feuerkessel
0%
Giga -Schlacke
0%
Hitzeturbo
0%
Knallkopf
0%
Reueschwert
0%
Rüstungskanone
0%

Verteilung der Resultate

Perzentil nach korrekt beantworteten Fragen

Anzahl Personen mit jedem Resultat

Ihre Resultats-Entwicklung

Sie haben dieses Quiz seit der letzten Aktualisierung nicht gespielt